A field guide to the common lady beetles of Bhutan / (Record no. 6972)

MARC details
000 -LEADER
fixed length control field 00557nam a2200157 4500
001 - CONTROL NUMBER
control field 8095
005 - DATE AND TIME OF LATEST TRANSACTION
control field 20181127185102.0
020 00 - INTERNATIONAL STANDARD BOOK NUMBER
International Standard Book Number 9789993698739
090 00 - LOCALLY ASSIGNED LC-TYPE CALL NUMBER (OCLC); LOCAL CALL NUMBER (RLIN)
Classification number (OCLC) (R) ; Classification number, CALL (RLIN) (NR) 595.789
100 00 - MAIN ENTRY--PERSONAL NAME
Personal name Dorji, Cheten.
245 00 - TITLE STATEMENT
Title A field guide to the common lady beetles of Bhutan /
Remainder of title
Statement of responsibility, etc. Cheten Dorji, Phuntsho Loday, Oscar Vorst.
Medium
260 00 - PUBLICATION, DISTRIBUTION, ETC.
Place of publication, distribution, etc. Thimphu Bhutan ;
Name of publisher, distributor, etc. National Biodiversity Centre, Ministry of Agriculture, Royal Government of Bhutan.
Date of publication, distribution, etc. 2017.
300 00 - PHYSICAL DESCRIPTION
Extent viii, 53 pages : coll. ill ; 21 cm
650 00 - SUBJECT ADDED ENTRY--TOPICAL TERM
Topical term or geographic name entry element Beetles -- Bhutan.
General subdivision
Holdings
Withdrawn status Lost status Source of classification or shelving scheme Damaged status Not for loan Collection code Home library Current library Shelving location Serial Enumeration / chronology Inventory number Total Checkouts Full call number Barcode Date last seen Price effective from Koha item type
    Dewey Decimal Classification     Main TEST RTC Library RTC Library Main opac 12234   595.789 DOR 30012835 27/11/2018 27/11/2018 Main
Royal Thimphu College || All Right Reserved